Statistics for Pictures by Letter - B

Click here to take the quiz!

General Stats

  • This quiz has been taken 34,075 times
  • The average score is 11 of 16

Answer Stats

Answer% Correct
Barbie
100%
Brazil
93%
Banjo
90%
Baboon
88%
Bongo
83%
Bishop
82%
Bitcoin
76%
Bowie
75%
Bale
74%
Birch
68%
Backgammon
65%
Blacksmith
62%
Bach
61%
Bloodhound
54%
Beijing
53%
Bedouin
20%

Score Distribution

Percentile by Number Answered

Percent of People with Each Score

Your Score History

You have not taken this quiz